Globální problémy na počátku milénia: nečekané komplikace

Špecifiká prvej dekády 21. storočia pre globalistiku. Nové súvoslosti vo svete. Energetický problém. Potravinovo-nutričný problém. Problém chudoby vo svete. Potreba indentifikovať, registrovať, analyzovať a čiastočne aj predvídať globálne problémy v rámci globalistiky.

Salvato in:
Dettagli Bibliografici
Autore principale: Foltýn, Jaroslav
Natura: Capitolo di libro
Lingua:ceco
Soggetti:
Tags: Aggiungi Tag
Nessun Tag, puoi essere il primo ad aggiungerne!!

MARC

LEADER 00000naa$a2200000$$$4500
001 0093292
005 20231016093739.6
041 0 |a cze 
044 |a CZ 
245 1 0 |a Globální problémy na počátku milénia: nečekané komplikace  |c Jaroslav Foltýn 
520 |a Špecifiká prvej dekády 21. storočia pre globalistiku. Nové súvoslosti vo svete. Energetický problém. Potravinovo-nutričný problém. Problém chudoby vo svete. Potreba indentifikovať, registrovať, analyzovať a čiastočne aj predvídať globálne problémy v rámci globalistiky. 
610 2 0 |a globalizácia 
610 2 0 |a vzťahy medzinárodné 
610 2 0 |a politika medzinárodná 
610 2 0 |a energetika 
610 2 0 |a zdroje energetické 
610 2 0 |a ceny 
610 2 0 |a potraviny 
610 2 0 |a chudoba 
610 2 0 |a svet 
100 1 |a Foltýn, Jaroslav